000 00605nam a2200181 a 4500
005 20210223120917.0
008 991125s1965 ag 000 0 spa u
035 _aUPN01000009142
049 _aCG
050 4 _aLC3993
_bT6.78
100 1 _aTorrance, Ellis Paul,
_d1915-2003
_929616
245 1 0 _aCómo es el niño sobredotado y cómo enseñarle /
_cE. Paul Torrance ; supervisión Jaime Bernstein ; tr. Juan J. Thomas.
260 _aBuenos Aires :
_bPaidós,
_c1965.
300 _a132 p.
440 0 _aBiblioteca del educador contemporáneo ;
_v27
650 4 _aNIÑOS SUPERDOTADOS
_98848
905 _aLibro
999 _c9142
_d9142